| 000 | 01317nam a22003497a 4500 | ||
|---|---|---|---|
| 999 |
_c5945 _d5945 |
||
| 003 | OSt | ||
| 005 | 20251204100425.0 | ||
| 008 | 251204b ||||| |||| 00| 0 eng d | ||
| 020 |
_a9780316382045 _qhardcover |
||
| 040 |
_aDLC _beng _cDLC _erda _dKH8 |
||
| 082 | _a813.6 BRO | ||
| 100 | 1 |
_aBrown, Peter _eauthor _eillustrator |
|
| 245 | 1 | 4 |
_aThe wild robot escapes _cwords and pictures by Peter Brown |
| 250 | _aFirst edition | ||
| 264 | 1 |
_aNew York _aBoston _bLittle, Brown and Company _c2018 |
|
| 300 |
_a279 pages _billustrations _c21 cm |
||
| 490 | 0 | _aWild robot | |
| 500 | _aSequel to: The wild robot. | ||
| 520 | _aAfter being captured by the Recons and returned to civilization for reprogramming, Roz is sent to Hilltop Farm where she befriends her owner's family and animals, but pines for her son, Brightbill. | ||
| 521 | _aYear 5 and 6 | ||
| 650 | 1 |
_aRobots _vFiction |
|
| 650 | 1 |
_aFarm life _vFiction |
|
| 650 | 1 |
_aDomestic animals _vFiction |
|
| 650 | 1 | _aScience fiction | |
| 650 | 7 | _aJUVENILE FICTION / Robots | |
| 650 | 7 | _aJUVENILE FICTION / Science Fiction | |
| 650 | 7 | _aJUVENILE FICTION / Animals / General | |
| 650 | 7 | _aJUVENILE FICTION / Action & Adventure / General | |
| 650 | 7 | _aJUVENILE FICTION / Action & Adventure / Survival Stories | |
| 655 | 7 | _aFiction | |
| 942 |
_2ddc _cFIC |
||